| 000 | 00430nam a22001697a 4500 | ||
|---|---|---|---|
| 003 | NUST - PNEC | ||
| 005 | 20170116180855.0 | ||
| 008 | 150827b xxu||||| |||| 00| 0 eng d | ||
| 020 | _a0070325332 | ||
| 040 | _cLIBRARY | ||
| 082 | _a604.2 JEN | ||
| 100 |
_95931 _aJensen Cecil |
||
| 245 |
_aEngineering drawing and design. _cCecil Jensen |
||
| 250 | _a3rd ed | ||
| 650 |
_95932 _aMechanical drawing _xME, IME |
||
| 942 |
_2ddc _cBK |
||
| 999 |
_c64766 _d64766 |
||